000
00279nam a2200109Ia 4500
008
200302s9999 xx 000 0 und d
100
_a
Surender Bishnoi
245
_a
Maintenance and safety of aging infrastructure
260
_b
Random Publications
260
_c
2017
300
_a
278
999
_c
6459
_d
6459